000 00268nam a2200109Ia 4500
008 190216s9999||||xx |||||||||||||| ||und||
100 _aRamanathan.A
245 0 _aPure Plane And Solid Geometry
260 _bSubbiah Chetty And Co
650 _aMathematics
942 _cBK
999 _c30553
_d30553